000 00195 a2200097 4500
020 _a9789992471685
041 _aspa
100 _aanonimo
245 _aNicaragua Anecdotas y algo mas
942 _cBK
999 _c11891
_d11891